Patálie so Šťastenou Nezam. J. Haďary, ktorý v tel. súťaži vyhral vyše 300 000 korún, je pobúrený, že mu štát zastavil vyplácanie soc. dávok

Bibliographic Details
Main Author: Šindlerová, Naďa (Author)
Other Authors: Lukačko, Miro (fot)
Format: Article
Language:Slovak
Subjects:

MARC

LEADER 00000nab a2200000 a 4500
001 vtls000911609
003 SK-MaSNL
005 20260302174240.0
008 040720e20010115xo 0 slo
035 |a KE20524 
040 |a KEVKJB  |b slo  |c KEVKJB  |e AACR2 
041 0 |a slo 
044 |a xo  |c SK 
080 |a 336.789  |2 1981 
080 |a 362.53  |2 1981 
100 1 |a Šindlerová, Naďa  |4 aut  |9 845736 
245 1 0 |a Patálie so Šťastenou  |b Nezam. J. Haďary, ktorý v tel. súťaži vyhral vyše 300 000 korún, je pobúrený, že mu štát zastavil vyplácanie soc. dávok 
590 |a Haďary, Jozef  |b věherca 
600 1 7 |a Haďary, Jozef  |2 KEVKJB  |9 883655 
650 0 7 |a výhry finančné  |2 KEVKJB  |9 883656 
650 0 7 |a sociálne dávky  |2 KEVKJB  |9 2157 
650 0 7 |a pozastavenie  |2 KEVKJB  |9 878795 
650 0 7 |a okolie  |2 KEVKJB  |9 29626 
651 7 |a Skároš (Slovensko)  |2 KEVKJB  |9 113689 
651 7 |a Košice (Slovensko)  |2 KEVKJB  |9 18694 
651 7 |a KS,  |2 KEVKJB  |9 880381 
655 7 |a periodikum  |2 snkbucl  |9 29553 
700 1 |a Lukačko, Miro  |4 fot  |9 883657 
773 0 8 |t Plus 7 dní  |g Roč. 11, č.2, 15.1.2001, s. 24-25 
852 |a ZVYKNI  |b KIS3GCP 
999 |c 1403470  |d 1405400